000 00337nam a2200133Ia 4500
005 20260328101504.0
008 260328s9999||||xx |||||||||||||| ||und||
100 _aAsensio, Oscar
245 0 _aProduct Design :
_b World-Wide Design /
_cOscar Asensio
260 _bLinea
300 _a111 p.
650 _aDISEÑO INDUSTRIAL
942 _cBK
999 _c8994
_d8994